|
|
|
|
| LEADER |
02377nam a2200481 a 4500 |
| 001 |
mzk03001191327 |
| 003 |
CZ BrMZK |
| 005 |
20130719080443.0 |
| 007 |
ta |
| 008 |
130719s1693 au f |||| 0 lat d |
| 040 |
|
|
|a BOA001
|b cze
|
| 072 |
|
7 |
|a 101
|x Filozofie
|2 Konspekt
|9 5
|
| 072 |
|
7 |
|a 094
|x Staré tisky
|2 Konspekt
|9 12
|
| 080 |
|
|
|a 101
|2 MRF
|
| 080 |
|
|
|a 141.132+165.321
|2 MRF
|
| 080 |
|
|
|a 141.30
|2 MRF
|
| 080 |
|
|
|a 025.171
|2 MRF
|
| 080 |
|
|
|a (0.068)094
|2 MRF
|
| 100 |
1 |
|
|a Pley, Coelestinus,
|d 1662-1723
|4 aut
|
| 245 |
1 |
0 |
|a CURSUS PHILOSOPHICUS ARISTOTELICO-THOMISTICUS, Ad Mentem D. Thomae Doctoris Angelici Directus, In quo PHILOSOPHIA UNIVERSA EX IPSIS plane Fundamentis & Principijs Methodo omnino nova clare & dilucide exhibetur /
|c AUTHORE P. CAELESTINO PLEY, Ord. S. Benedicti, in Monasterio Seittenstettensi Inferioris Austriae Professo, AA.LL. & Phil. Doctore, Ejusdemque in Alma & Archi-Episcopali Universitate Professore Ordinario, & p.t. Decano
|
| 260 |
|
|
|a Salisburgi :
|b ex Typographia Joannis Baptistae Mayr, Typographi Aulico-Academici,
|c 1693
|
| 300 |
|
|
|a [4], 189, 271 s., [1] příl. ;
|c 4°
|
| 500 |
|
|
|a Výzdoba: Mědirytinový frontispis (alegorie Věd přicházejících k Pravdě), rytina na titulním listu (pravděpodobně signet tiskaře), iniciály, linky z typografických ozdob, viněty
|
| 561 |
|
|
|a Provenience: [m.p.] Monasterij S[anc]torum Ap[osto]lorum Petri et Pauli Rayhradij Catalogo in scriptus Anno 1702
|
| 563 |
|
|
|a Pergamenová vazba, dvě tkanice nezachovány, modrá ořízka, poškozený hřbet
|
| 583 |
|
|
|a Poškozený hřbet
|
| 650 |
|
7 |
|a filozofie
|7 ph114540
|2 czenas
|
| 650 |
|
7 |
|a aristotelismus
|7 ph118604
|2 czenas
|
| 650 |
|
7 |
|a tomismus
|7 ph126680
|2 czenas
|
| 650 |
|
7 |
|a historické knihovní fondy
|7 ph172933
|2 czenas
|
| 655 |
|
7 |
|a staré tisky
|7 fd422076
|2 czenas
|
| 856 |
4 |
1 |
|u https://imageserver.mzk.cz/mzk03/001/191/327/328100210420.front.jp2
|y Frontispis
|
| 856 |
4 |
1 |
|u https://imageserver.mzk.cz/mzk03/001/191/327/328100210420.titul.jp2
|y Titulní list
|
| 903 |
|
|
|a RP
|
| 910 |
|
|
|e BOE950
|c R - M. I. b. 2
|
| 978 |
|
|
|b Mayr, Johann Baptist
|a Salzburg
|c 1693
|
| 982 |
0 |
|
|a Rajhrad - benediktinský klášter
|
| 984 |
|
|
|a Salcburk
|b Rakousko
|
| 985 |
|
|
|a 1651-1700
|
| 990 |
|
|
|a BK
|
| 996 |
|
|
|e BOE950
|c R - M. I. b. 2
|
| 980 |
|
|
|c 210420
|g R - M. I. b. 2
|1 328100210420
|p N. 8331
|
| 991 |
|
|
|k rajhrad
|